Biblioteca

Siempre en pie de guerra : (Registro nro. 39164)

Detalles MARC
000 -LÍDER
Campo fijo de descripción fija 01578aam a2200313 i 4500
001 - NÚMERO DE CONTROL
Campo de control 768714001
003 - IDENTIFICADOR DEL NÚMERO DE CONTROL
Campo de control CO-MdFUSB
005 - FECHA Y HORA DE LA ULTIMA TRANSACCIÓN
control field 20211202115434.0
007 - CAMPO FIJO DE DESCRIPCIÓN FIJA--INFORMACIÓN GENERAL
Campo fijo de descripción fija ta
008 - ELEMENTOS DE LONGITUD FIJA -- INFORMACIÓN GENERAL
Campo fijo de descripción fija -- Información general 211202t1975 sp |||| |||| 00| 0 spa d
020 ## - NÚMERO INTERNACIONAL NORMALIZADO PARA LIBROS
Número Internacional Normalizado del libro [No incluye ISBN]
040 ## - FUENTE DE CATALOGACIÓN
Idioma de catalogación spa.
Agencia de catalogación original CO-MdFUSB
Agencia que realiza la transcripción CO-MdFUSB
Agencia que realiza la modificación CO-MdFUSBC
Convenciones de la descripción rda
041 ## - CÓDIGO DE IDIOMA
Código de idioma para texto/pista de sonido o título separado spa
Código de idioma original eng
082 04 - NÚMERO DE CLASIFICACIÓN DECIMAL DEWEY
Número de la edición del Dewey 23
Número de clasificación 287.96
Clave de autor-Numero de item C871s
100 1# - ASIENTO PRINCIPAL--NOMBRE PERSONAL
Nombre personal Coutts, Frederick L.
Término relacionador autor
240 ## - TITULO UNIFORME
Título uniforme <a href="No discharge in this war">No discharge in this war</a>
245 10 - TÍTULO
Título del Material Siempre en pie de guerra :
Parte restante del título - Subtitulo la historia del Ejército de Salvación
Mención de responsabilidad, etc. / Frederick Coutts
264 #1 - PRODUCCIÓN, PUBLICACIÓN, DISTRIBUCIÓN, MANUFACTURA, Y COPYRIGHT
Lugar de producción, publicación, distribución, manufactura España :
Nombre del productor, publicador, distribuidor Clie,
Fecha de producción, publicación, distribución, manufactura, o copyright [1977]
264 #4 - PRODUCCIÓN, PUBLICACIÓN, DISTRIBUCIÓN, MANUFACTURA, Y COPYRIGHT
Fecha de producción, publicación, distribución, manufactura, o copyright © 1977
300 ## - DESCRIPCIÓN FÍSICA
Extensión 352 páginas
Dimensiones ; 18 cm
336 ## - TIPO DE CONTENIDO
Término de tipo de contenido texto
Código de tipo de contenido txt
Fuente rdacontent
337 ## - TIPO DE MEDIO
Fuente rdamedia
Nombre del tipo de medio sin mediación
Código del tipo de medio n
338 ## - TIPO DE SOPORTE
Fuente rdacarrier
Nombre del tipo de soporte volumen
Código Tipo de soporte nc
505 ## - NOTA DE CONTENIDO
Nota de contenido con formato preestablecido En tiempo pasado no eran pueblo. -- Terreno pedregoso. -- ¡Gobierna tú sobre nosotros! -- El ruido de una hueste. -- La menor de todas las semillas. -- Por honor y por deshonor. -- Valientes en la lucha. -- Muchos adversarios. -- En azotes más abundantes. -- El ayuno que yo escogí. -- ¿Quién es mi prójimo? -- La palabra de Dios multiplicada. -- Una buena guerra. -- Así pues, estaré contigo. -- Una época de guerra. -- Quienes arriesgaron sus vidas. -- Perplejos, más no desesperados. -- El dolor de la guerra (1). -- El dolor de la guerra (2). -- Busca la paz y síguela. -- Estos son mis hermanos. -- Tales como tenían capacidad. -- La mayor alabanza de Dios.
563 ## - NOTA DE ENCUADERNACIÓN
Nota de encuadernación Rústico
653 ## - TÉRMINO DE INDIZACIÓN - NO CONTROLADO
Término no controlado Ejército de salvación
942 ## - TIPO DE MATERIAL (KOHA)
Tipo de Item KOHA Libros General
945 ## - INFORMACIÓN LOCAL DEL REGISTRO
Catalogador JTF-925
Existencias
Estado de Material Estado de Perdido Forma de Clasificación Estado de Dañado No para Préstamo Colección Tomo Biblioteca de Origen Biblioteca Permanente Fecha de Adquisición Total de Préstamos Signatura Topográfica Código de Barras Última vez visto Ejemplar/Existencia Fecha de Remplazo Tipo de Material
    Dewey Decimal Classification     Colección General   Biblioteca FUSBC Biblioteca FUSBC 18/01/2005   G 287.96 C871s 7436 12/12/2019 Ej. 1 26/01/2016 Libros General

Biblioteca FUSBC | Teléfono: (57+4) 349 88 10 Ext. 141| WhatsApp (+57) 3005338115 
E-mail: biblioteca@unisbc.edu.co | Calle 76 87-14 Robledo Palenque, Medellín, Colombia

Con tecnología Koha